000 00241nam a22001097a 4500
999 _c261547
_d261546
020 _a978075640316
100 _aSimon Beecroft
245 _aThe Clone Wars
260 _aNew York
_bDorling Kindersley
_c2008
300 _a32 pgs
942 _cBK